Texto y atlas de Histología
Uloženo v:
| Hlavní autor: | |
|---|---|
| Médium: | Kniha |
| Jazyk: | španělština |
| Vydáno: |
Barcelona, España
Doyma
1993
|
| Témata: | |
| Tagy: |
Přidat tag
Žádné tagy, Buďte první, kdo vytvoří štítek k tomuto záznamu!
|
MARC
| LEADER | 00000nam a2200000 a 4500 | ||
|---|---|---|---|
| 001 | UCY4880 | ||
| 003 | CL-VaPUC | ||
| 005 | 20220824074413.0 | ||
| 008 | 950404e19930000SP |||||||||||||||||spa|d | ||
| 999 | |c 232631 |d 232629 | ||
| 040 | |c Pontificia Universidad Católica de Valparaíso | ||
| 082 | 0 | 4 | |a 611.018 STE 1993 |2 21 |
| 100 | 0 | |a Stevens, Alan |9 333399 | |
| 245 | 1 | 0 | |a Texto y atlas de Histología |
| 260 | 0 | 3 | |a Barcelona, España |b Doyma |c 1993 |
| 300 | |a 378 páginas | ||
| 583 | |a last modification |c 19950404 00:00:00 |k Rodrigo Vera | ||
| 650 | 0 | |a Histología |9 264868 | |
| 942 | |c BK |2 ddc | ||
| 945 | |d 19950404 00:00:00 |a oaravena | ||
| 952 | |0 0 |1 0 |2 ddc |4 0 |6 611_018000000000000_STE_1993 |7 0 |8 A |9 237379 |a BIBCUR |b BIBCUR |d 2019-11-15 |i 3073645 |l 2 |o 611.018 STE 1993 |p 3073645 |r 2025-04-22 |s 2023-10-06 |t 1 |w 2019-11-15 |y BK |k BCB | ||
| 952 | |0 0 |1 0 |2 ddc |4 0 |6 611_018000000000000_STE_1993 |7 0 |8 A |9 237380 |a BIBCUR |b BIBCUR |d 2019-11-15 |i 3558266 |o 611.018 STE 1993 |p 3558266 |r 2025-04-22 |t 2 |w 2019-11-15 |y BK |k BIO | ||